000 00285nam a22001337a 4500
008 170830b xxu||||| |||| 00| 0 eng d
020 _a9780312455866
041 _aeng
080 _a070
100 _a39
101 _aMED
245 _aMEDIA & CULTURE
_cCAMPBELL,R
942 _2udc
_cBK
999 _c25498
_d25498